[Event "ASEAN-ch U18 15th"]
[Site "Taipa"]
[Date "2014.06.04"]
[Round "2"]
[White "Tran, Tuan Minh"]
[Black "Wang, Zixu"]
[Result "1-0"]
[WhiteElo "2339"]
[BlackElo "2092"]
[PlyCount "85"]
[EventDate "2014.06.04"]
[EventType "swiss"]
[EventRounds "9"]
[EventCountry "MAC"]
[SourceTitle "CBM 160 Extra"]
[Source "ChessBase"]
[SourceDate "2014.07.01"]
[SourceVersion "1"]
[SourceVersionDate "2014.07.01"]
[SourceQuality "1"]

1. d4 Nf6 2. g3 g6 3. Bg2 Bg7 4. e4 d6 5. Nc3 0-0 6. Nge2 c5 7. dxc5 dxc5 8. Qxd8 Rxd8 9. e5 Ng4 10. f4 Nc6 11. Bxc6 bxc6 12. h3 Nh6 13. Be3 c4 14. Bc5 Bf8 15. Rd1 Rxd1+ 16. Kxd1 Be6 17. Kc1 Bd5 18. Rd1 e6 19. Bxf8 Kxf8 20. g4 Bg2 21. Ng3 Kg7 22. g5 Nf5 23. Nxf5+ gxf5 24. Rd7 Bxh3 25. Na4 Kg6 26. Nc5 Bg2 27. Nb7 h6 28. gxh6 Bd5 29. Rd8 Rxd8 30. Nxd8 Kxh6 31. Nxf7+ Kh5 32. Kd2 c3+ 33. bxc3 Bxa2 34. Nd8 Bd5 35. c4 Bxc4 36. Nxc6 a6 37. Na5 Bf1 38. c4 Kg6 39. Ke3 Kg7 40. Kd4 Kg6 41. c5 Kf7 42. c6 Ke7 43. Kc5 1-0

[Event "Kecskemet Caissa IM 05"]
[Site "Kecskemet"]
[Date "2014.05.25"]
[Round "9"]
[White "Wang, Zixu"]
[Black "Hajnal, Zoltan"]
[Result "1/2-1/2"]
[WhiteElo "2043"]
[BlackElo "2367"]
[PlyCount "27"]
[EventDate "2014.05.17"]
[EventType "tourn"]
[EventRounds "10"]
[EventCountry "HUN"]
[SourceTitle "EXT 2016"]
[Source "ChessBase"]
[SourceDate "2015.10.08"]
[SourceVersion "1"]
[SourceVersionDate "2015.10.08"]
[SourceQuality "1"]

1. e4 e5 2. Nf3 Nf6 3. Nxe5 d6 4. Nf3 Nxe4 5. Qe2 Qe7 6. d3 Nf6 7. Bg5 Qxe2+ 8. Bxe2 Be7 9. Nc3 Be6 10. Nd4 Nc6 11. Nxe6 fxe6 12. Bf3 Kd7 13. 0-0-0 h6 14. Bxf6 1/2-1/2

[Event "Kecskemet Caissa IM 05"]
[Site "Kecskemet"]
[Date "2014.05.19"]
[Round "3"]
[White "Wang, Zixu"]
[Black "Meszaros, Andras"]
[Result "1-0"]
[WhiteElo "2043"]
[BlackElo "2261"]
[PlyCount "51"]
[EventDate "2014.05.17"]
[EventType "tourn"]
[EventRounds "10"]
[EventCountry "HUN"]
[SourceTitle "EXT 2016"]
[Source "ChessBase"]
[SourceDate "2015.10.08"]
[SourceVersion "1"]
[SourceVersionDate "2015.10.08"]
[SourceQuality "1"]

1. e4 c5 2. Nf3 g6 3. d4 cxd4 4. Nxd4 Nc6 5. Nc3 Bg7 6. Be3 Nf6 7. f3 0-0 8. Qd2 d5 9. exd5 Nxd5 10. Nxd5 Qxd5 11. Nxc6 Qxc6 12. c3 Bf5 13. Be2 Rad8 14. Qc1 Bd3 15. Bxd3 Rxd3 16. 0-0 Rfd8 17. Re1 Bf6 18. Qc2 Rxe3 19. Rxe3 Bd4 20. Qe2 Bb6 21. Kh1 Bxe3 22. Qxe3 e6 23. Qxa7 b6 24. Qe7 Rd7 25. Qb4 Qd5 26. Qxb6 1-0

[Event "Kecskemet Caissa IM 05"]
[Site "Kecskemet"]
[Date "2014.05.17"]
[Round "1"]
[White "Nomin Erdene, Davaademberel"]
[Black "Wang, Zixu"]
[Result "1-0"]
[WhiteElo "1939"]
[BlackElo "2043"]
[PlyCount "71"]
[EventDate "2014.05.17"]
[EventType "tourn"]
[EventRounds "10"]
[EventCountry "HUN"]
[SourceTitle "EXT 2016"]
[Source "ChessBase"]
[SourceDate "2015.10.08"]
[SourceVersion "1"]
[SourceVersionDate "2015.10.08"]
[SourceQuality "1"]

1. e4 c5 2. Nf3 d6 3. d4 cxd4 4. Nxd4 Nf6 5. Nc3 a6 6. Be3 e5 7. Nb3 Be6 8. Qd2 Be7 9. f4 Ng4 10. f5 Bxb3 11. axb3 Nxe3 12. Qxe3 Nc6 13. Nd5 Nd4 14. Qf2 Bh4 15. g3 Bg5 16. Bd3 Rc8 17. 0-0 Rc5 18. b4 Rxd5 19. exd5 Qb6 20. Kh1 Qxb4 21. c3 Qb3 22. Be4 Nb5 23. Rad1 0-0 24. Qc2 Qc4 25. Qd3 Qc5 26. f6 g6 27. Qf3 Nc7 28. h4 Bh6 29. Kg2 Rc8 30. h5 Qb6 31. Rf2 Rf8 32. hxg6 hxg6 33. Re1 Kh7 34. Rh1 Rh8 35. Qg4 Kg8 36. Qc8+ 1-0

[Event "Budapest FS05 FM-A"]
[Site "Budapest"]
[Date "2014.05.10"]
[Round "8"]
[White "Wang, Zixu"]
[Black "Bartha, Sandor"]
[Result "1/2-1/2"]
[WhiteElo "2043"]
[BlackElo "2067"]
[PlyCount "41"]
[EventDate "2014.05.03"]
[EventType "tourn"]
[EventRounds "11"]
[EventCountry "HUN"]
[SourceTitle "CBM 160 Extra"]
[Source "ChessBase"]
[SourceDate "2014.07.01"]
[SourceVersion "1"]
[SourceVersionDate "2014.07.01"]
[SourceQuality "1"]

1. e4 c5 2. Nf3 d6 3. d4 cxd4 4. Nxd4 Nf6 5. Nc3 a6 6. Be3 e6 7. f3 Be7 8. Qd2 0-0 9. g4 b5 10. a3 Bb7 11. h4 Nfd7 12. g5 Ne5 13. h5 Nbc6 14. Nxc6 Bxc6 15. Be2 a5 16. f4 b4 17. fxe5 bxc3 18. Qxc3 Bxe4 19. Rg1 Rc8 20. Qd4 d5 21. c3 1/2-1/2

[Event "Budapest FS05 FM-A"]
[Site "Budapest"]
[Date "2014.05.08"]
[Round "6"]
[White "Wang, Zixu"]
[Black "Furedi, Erik"]
[Result "0-1"]
[WhiteElo "2043"]
[BlackElo "2020"]
[PlyCount "82"]
[EventDate "2014.05.03"]
[EventType "tourn"]
[EventRounds "11"]
[EventCountry "HUN"]
[SourceTitle "CBM 160 Extra"]
[Source "ChessBase"]
[SourceDate "2014.07.01"]
[SourceVersion "1"]
[SourceVersionDate "2014.07.01"]
[SourceQuality "1"]

1. e4 e5 2. Nf3 Nc6 3. Bb5 g6 4. 0-0 Bg7 5. c3 Nge7 6. d4 exd4 7. cxd4 0-0 8. d5 Nb8 9. d6 Nec6 10. dxc7 Qxc7 11. Nc3 d6 12. Be2 a6 13. Nd5 Qd8 14. Bg5 f6 15. Be3 Nd7 16. Qb3 Kh8 17. Rac1 Re8 18. Bd3 Bf8 19. Nd4 Nc5 20. Nxc6 bxc6 21. Bxc5 dxc5 22. Ne3 Be6 23. Bc4 Rb8 24. Qa4 Rxb2 25. Qxa6 Qc7 26. Bxe6 Rxe6 27. Qc4 Qe7 28. f3 Bh6 29. Rc3 Rb4 30. Qa6 Bxe3+ 31. Rxe3 f5 32. Rd3 Rd6 33. Rxd6 Qxd6 34. exf5 gxf5 35. Qc8+ Kg7 36. Qxf5 Qd5 37. Qc2 Qd4+ 38. Rf2 c4 39. f4 c3 40. f5 Rb2 41. f6+ Kf8 0-1

[Event "Budapest FS05 FM-A"]
[Site "Budapest"]
[Date "2014.05.07"]
[Round "5"]
[White "Lukacs, Albert"]
[Black "Wang, Zixu"]
[Result "1/2-1/2"]
[WhiteElo "1910"]
[BlackElo "2043"]
[PlyCount "51"]
[EventDate "2014.05.03"]
[EventType "tourn"]
[EventRounds "11"]
[EventCountry "HUN"]
[SourceTitle "CBM 160 Extra"]
[Source "ChessBase"]
[SourceDate "2014.07.01"]
[SourceVersion "1"]
[SourceVersionDate "2014.07.01"]
[SourceQuality "1"]

1. e4 c5 2. Nf3 d6 3. d4 cxd4 4. Nxd4 Nf6 5. Nc3 a6 6. a4 e5 7. Nf3 Nc6 8. Bg5 Be7 9. Qd2 h6 10. Bxf6 Bxf6 11. Nd5 Bg4 12. Be2 0-0 13. c3 Na5 14. Rd1 Bxf3 15. Nxf6+ Qxf6 16. gxf3 Rfd8 17. Qd5 Nc6 18. Rg1 Rab8 19. Rg3 Ne7 20. Qa5 Qe6 21. Qc7 d5 22. c4 d4 23. f4 Rdc8 24. Qxe5 Qxe5 25. fxe5 Nc6 26. f4 1/2-1/2

[Event "Budapest FS05 FM-A"]
[Site "Budapest"]
[Date "2014.05.05"]
[Round "3"]
[White "Steer, Jozsef"]
[Black "Wang, Zixu"]
[Result "0-1"]
[WhiteElo "1913"]
[BlackElo "2043"]
[PlyCount "80"]
[EventDate "2014.05.03"]
[EventType "tourn"]
[EventRounds "11"]
[EventCountry "HUN"]
[SourceTitle "CBM 160 Extra"]
[Source "ChessBase"]
[SourceDate "2014.07.01"]
[SourceVersion "1"]
[SourceVersionDate "2014.07.01"]
[SourceQuality "1"]

1. e4 c5 2. Nf3 d6 3. d4 cxd4 4. Nxd4 Nf6 5. Nc3 a6 6. Bc4 e6 7. Bb3 Be7 8. 0-0 0-0 9. a4 Nbd7 10. Be3 Nc5 11. f3 e5 12. Nde2 Nxb3 13. cxb3 Be6 14. b4 d5 15. exd5 Nxd5 16. Nxd5 Bxd5 17. Nc3 Bc4 18. Qxd8 Rfxd8 19. Rfd1 Bxb4 20. Bb6 Re8 21. Rd7 Rab8 22. Rad1 Be6 23. Rc7 Rec8 24. Nd5 Rd8 25. Rxb7 Rxb7 26. Bxd8 Bc5+ 27. Kf1 Rxb2 28. Bh4 Bd4 29. Rc1 g5 30. Ne7+ Kf8 31. Bxg5 Rf2+ 32. Ke1 Rxg2 33. h4 Rxg5 34. hxg5 Kxe7 35. Rc6 a5 36. Ke2 Kd7 37. Rc1 Bb3 38. Rh1 Bxa4 39. Rxh7 Ke6 40. Kd2 Bb3 0-1